000 00892nab a22002417a 4500
003 BR-BrBNA
005 20240222092119.0
008 240222b bl.||||| |||| 00| 0 por d
040 _aBR-BrBNA
_bpor
072 _aF08 ; H50 ; P40
_b4230
100 _aPinto, Hilton Silveira
245 _aAção preventiva contra as geadas
500 _a1 illus.
650 _aGEADA
650 _aMETEOROLOGIA
650 _aCLIMATOLOGIA
650 _aDANO PELO FRIO
650 _aPULVERIZAÇÃO
650 _aRESISTÊNCIA A TEMPERATURA
773 0 _01330
_9275249
_dCampinas-SP Coordenadoria de Assistência Técnica Integral - CATI - Centro de Comunicação Rural e Treinamento - CECORT 1979. Data final de publicação em 1990
_o2023-437055
_tCasa da Agricultura (Brazil)
_x0100-6541
_gv. 2(3) p. 28-29 (May-Jun 1980)
_wBR2023002412
942 _cAnalítica
999 _c298567
_d298567